000 00365nam a2200157Ia 4500
008 230312s9999||||xx |||||||||||||| ||und||
020 _a0789724766
082 _a005-133
_bCHA-X
100 _aNicholas Chase
245 0 _aXML and JAVA
260 _bJesse Liberty
_aIndiana
_c2001
300 _a486
546 _aEng.
650 _aComputer
_vXML, Java
942 _cBK
999 _c3126
_d3126